000 00513nam a2200205Ia 4500
003 OSt
005 20140321091647.0
008 140130s9999 xx 000 0 und d
020 _a0439314429
050 _aPZ 7
_b.L8432Ft 2001
100 _aLondon, Jonathan
245 _cJonathan London
_aFroggy's Best Christmas /
260 _bScholastic,
_c2001.
_aNew York :
300 _a1 v. (unpaged) :
_bcol. ill. ;
_c21 cm.
440 _v1
521 _aG1
526 _c240
942 _cBK
_2lcc
999 _c40020
_d40020